| 000 | 02344cam a2200361 a 4500 | ||
|---|---|---|---|
| 001 | 9695864 | ||
| 003 | Nust- CAS-E | ||
| 005 | 20180118181408.0 | ||
| 006 | m d | ||
| 007 | cr n | ||
| 008 | 120326s2012 maua s 001 0 eng d | ||
| 020 | _a9781118016213 (hardback) | ||
| 035 | _a(WaSeSS)ssj0000703012 | ||
| 040 |
_aDLC _cDLC _dDLC _dWaSeSS |
||
| 042 | _apcc | ||
| 043 | _an-us--- | ||
| 050 | 4 |
_aTJ809.95 _b.G78 2012 |
|
| 082 | 0 | 0 |
_a621.47 _223 _bGRU-T 2012 |
| 084 |
_aTEC031000 _2bisacsh |
||
| 100 | 1 | _aGrupp, Michael. | |
| 210 | 1 | 0 | _aTime to shine |
| 245 | 1 | 0 |
_aTime to shine _h[electronic resource] : _bapplications of solar energy technology / _cMichael Grupp. ; with Marlett Balmer ... [et al.] |
| 260 |
_aBeverly, MA : _bScrivener Pub. ; _aHoboken, N.J. : _bCo-published by Wiley, _cc2012. |
||
| 502 | _a0 | ||
| 506 | _aLicense restrictions may limit access. | ||
| 520 | _a"Solar energy has been the "new" energy for a long time. As this technology becomes a larger and larger piece of the energy spectrum, it is increasingly important for engineers, scientists, managers, and other decision-makers to understand solar energy technology and its applications. This book, written in easy-to-understand language, with plentiful color photos and illustrations, is the perfect primer on solar energy for anyone working in the energy industry or just wants to learn more about solar energy technology. With a focus on its current uses in other countries, including developing countries, this book shows examples of actual and potential uses of solar energy right here in the USA. It presents an original view of solar energy technology, as well as tools for the understanding of consequences of energy-related decisions. Parts of this book draw to a large extent on the work of the Synopsis Institute in Lodève (France), a leading research and development firm in the area of solar energy technology and its practical uses in our everyday lives"-- | ||
| 650 | 0 |
_aSolar energy _zUnited States. |
|
| 650 | 7 |
_aTECHNOLOGY & ENGINEERING / Power Resources / General. _2bisacsh |
|
| 773 | 0 | _tWiley-Blackwell Online Books | |
| 856 | 4 | 0 |
_uhttp://www.columbia.edu/cgi-bin/cul/resolve?clio9695864 _zFull text available from Wiley-Blackwell Online Books |
| 910 | _aLibrary of Congress record | ||
| 942 |
_2ddc _cBK |
||
| 999 |
_c355641 _d355641 |
||